000
00361nam a2200133Ia 4500
008
231129s1991||||xx |||||||||||||| ||spa||
020
_a
84-7999-013-9
040
_b
spa
082
_a
398.9 M516
245
0
_a
Los mejores refranes españoles
260
_c
1991
264
_a
Madrid España: A.L. Mateos
942
_2
ddc
_c
BKS
999
_c
19831
_d
19831